The horse and the colt : and other horse stories

Bibliographic Details
Other Authors: Parker, Vic
Format: Book
Published: UK : Miles Kelly Pub. Ltd , 2014
Subjects:

MARC

LEADER 00000cam a2200000 7i4500
001 0000056264
005 20151222.0
008 151208
020 |a 9781782094531 
090 0 0 |a JF   |b CT ENG 
245 0 4 |a The horse and the colt :   |b and other horse stories   |c compiled by Vic Parker 
260 |a UK :   |b Miles Kelly Pub. Ltd ,   |c 2014 
300 |a 40pg. ;   |c 28cm. 
500 |a Children ages 7-9 years old (orange) 
650 0 |a Classic tales   |x English 
700 1 |a Parker, Vic 
999 |a 0001375448   |b Book   |c Children Collection   |e Cawangan Urban Transformation Centre 
999 |a 0001375713   |b Book   |c Children Collection   |e Cawangan Tangkak 
999 |a 0001375714   |b Book   |c Children Collection   |e Cawangan Kota Tinggi 
999 |a 0001375715   |b Book   |c Children Collection   |e Cawangan Tmn. Ungku Tun Aminah 
999 |a 0001375716   |b Book   |c Children Collection   |e Cawangan Mersing 
999 |a 0001375717   |b Book   |c Children Collection   |e Cawangan Bukit Gambir 
999 |a 0001375718   |b Book   |c Adult Collection   |e Cawangan Bandar Penawar 
999 |a 0001375719   |b Book   |c Children Collection   |e Cawangan Taman Sri Lambak 
999 |a 0001375720   |b Book   |c Children Collection   |e Cawangan Batu Pahat 
999 |a 0001375722   |b Book   |c Children Collection   |e Cawangan Bandar Tenggara 
999 |a 0001375723   |b Book   |c Children Collection   |e Cawangan Taman Universiti 
999 |a 0001375724   |b Book   |c Children Collection   |e Cawangan Segamat 
999 |a 0001375725   |b Book   |c Children Collection   |e Cawangan Sri Merlong